00532cam a2200193ua 45000010003000000050017000030080039000200200018000590400009000770410008000860820010000941000019001042450094001232500009002172600034002263000031002606530021002916530026003121320260515113120.0190725n ii |||gr||||Z||||||eng a81-219-2763-3 cMAIN aeng a006.7 aNagpal, D. P., aWeb design technology : btheory and technique on the cutting edge / cBy D. P. Nagpal  a1st. aNew Delhi:bS. Chand.,c2006. axvi, 616 p.:bill;c22 cm. aComputer science aWeb Design Technology